000 00874cam a22002774a 4500
001 12102767
005 20180829045047.0
008 000711s2002 maua b 001 0 eng c
010 _a 00058806
020 _a0878930604
035 _a(DNLM)100959815
040 _aDNLM/DLC
_cDLC
_dDLC
041 _aeng
042 _apcc
060 1 0 _aWL 141
_bB658n 2000
080 _a616.804
082 0 0 _a616.804
_221
100 1 _a7
101 _aNEU
245 1 0 _aNeuroanatomy through clinical cases /
_cHal Blumenfeld.
504 _aIncludes bibliographical references and indexes.
906 _a7
_bcbc
_corignew
_d1
_eocip
_f20
_gy-gencatlg
942 _2ddc
_cBK
999 _c47400
_d47400